[Event "Dortmund"]
[Site "Dortmund"]
[Date "1976.??.??"]
[Round "8"]
[White "Sydor, Andrzej"]
[Black "Miles, Anthony J"]
[Result "1/2-1/2"]
[WhiteElo "2425"]
[BlackElo "2510"]

1.d4 Nf6 2.c4 c5 3.d5 b5 4.Nd2 Qa5 5.e4 d6 6.Nf3 g6 7.Qc2 a6 8.Bd3 Nbd7 9.O-O Bg7
10.a3 Qb6 11.Rb1 b4 12.axb4 Qxb4 13.Re1 O-O 14.h3 Nh5 15.Nf1 a5 16.Bd2 Qb6
17.g4 Nhf6 18.Bc3 e5  1/2-1/2

[Event "Dortmund"]
[Site "Dortmund"]
[Date "1976.??.??"]
[Round "8"]
[White "Balinas, Rosendo Carrean"]
[Black "Tomic, Dragoslav"]
[Result "1-0"]
[WhiteElo "2365"]
[BlackElo "2360"]

1.e4 Nf6 2.e5 Nd5 3.d4 d6 4.Nf3 Bg4 5.Be2 e6 6.O-O Be7 7.c4 Nb6 8.exd6 cxd6
9.Nbd2 O-O 10.b3 N8d7 11.Bb2 Re8 12.Re1 Nf8 13.h3 Bh5 14.b4 Rc8 15.Qb3 Nbd7
16.a4 a5 17.bxa5 Qxa5 18.Bc3 Qa7 19.a5 Bg6 20.Qb2 h6 21.Bd1 Rc7 22.Ba4 Rec8
23.Bb4 Nf6 24.Bb5 Nh5 25.a6 Nf4 26.axb7 Qxb7 27.Ba6 Qb8 28.Qa3 Ra7 29.Qe3 Rxa6
30.Rxa6 Nd3 31.Bc3 Nxe1 32.Qxe1 Nd7 33.Qa1 Bf8 34.Ra7 Rc7 35.Ra8 Qb7 36.Qa3 Nb6
37.Rd8 Rc8 38.Qxd6 Rxd8 39.Qxd8 Nxc4 40.Nxc4 Qb3 41.Bb2  1-0

[Event "Dortmund"]
[Site "Dortmund"]
[Date "1976.??.??"]
[Round "9"]
[White "Romanishin, Oleg M"]
[Black "Ciric, Dragoljub M"]
[Result "1-0"]
[WhiteElo "2560"]
[BlackElo "2435"]

1.Nf3 d5 2.c4 e6 3.g3 Nf6 4.Bg2 Be7 5.O-O O-O 6.d4 c6 7.Nc3 Nbd7 8.Qd3 b6
9.e4 Ba6 10.b3 Rc8 11.Rd1 c5 12.exd5 exd5 13.Bb2 dxc4 14.bxc4 cxd4 15.Nb5 Nc5
16.Qxd4 Qxd4 17.Nfxd4 Bxb5 18.cxb5 Na4 19.Nf5 Rfe8 20.Bd4 Bc5 21.Bc6 Re6
22.Rac1 g6 23.Bxf6 Rxf6 24.Rxc5 gxf5 25.Re5 Nc5 26.f4 a6 27.Rdd5 axb5 28.Bxb5 Ne4
29.Bd3 Nc3 30.Rd7 Nxa2 31.Bxf5 Rcc6 32.Rd8+ Kg7 33.Be4 Rc5 34.Ree8 Nc3 35.Bd3 Re6
36.Rxe6 fxe6 37.Rd7+ Kf6 38.Rxh7 Rd5 39.Bc4 Rd4 40.Rc7 b5 41.Bb3 b4 42.Rc6 Rd2
43.Rxe6+ Kf5 44.Re5+ Kg4 45.Re3 Rb2 46.Be6+ Kh5 47.Bc4 Kg4 48.h3+ Kf5 49.Re5+ Kf6
50.Re6+ Kf5 51.Re3 Rd2 52.h4 Kg4 53.Be6+ Kh5 54.Kf1 Kh6 55.Bf5 Kg7 56.h5 Rd5
57.Bg6 Rd7 58.Re6 Nd5 59.h6+  1-0

[Event "Dortmund"]
[Site "Dortmund"]
[Date "1976.??.??"]
[Round "9"]
[White "Miles, Anthony J"]
[Black "Iskov, Gert"]
[Result "1-0"]
[WhiteElo "2510"]
[BlackElo "2415"]

1.d4 Nf6 2.c4 e6 3.Nc3 Bb4 4.Bg5 h6 5.Bh4 c5 6.d5 d6 7.e3 Bxc3+ 8.bxc3 e5
9.Bd3 e4 10.Bc2 g5 11.Bg3 Qe7 12.h4 Rg8 13.hxg5 hxg5 14.Ne2 Nbd7 15.Ba4 Kd8
16.Bxd7 Bxd7 17.Rb1 Kc7 18.Kd2 Ng4 19.Rh7 Rh8 20.Qb3 b6 21.Rxh8 Rxh8 22.a4 Ne5
23.a5 Rb8 24.Nd4 Qe8 25.Nb5+ Bxb5 26.cxb5 Ng6 27.Ra1 f5 28.axb6+ axb6 29.Ra7+ Rb7
30.Bxd6+  1-0

[Event "Dortmund"]
[Site "Dortmund"]
[Date "1976.??.??"]
[Round "9"]
[White "Krause, M."]
[Black "Sydor, Andrzej"]
[Result "0-1"]
[WhiteElo "2200"]
[BlackElo "2425"]

1.c4 f5 2.d4 Nf6 3.g3 d6 4.Nf3 c6 5.Bg2 Qc7 6.b3 e5 7.dxe5 dxe5 8.Bb2 Nbd7
9.Qc2 g6 10.Nbd2 Bh6 11.Qc3 e4 12.Nd4 Kf7 13.e3 Re8 14.b4 a5 15.a3 axb4 16.axb4 Rxa1+
17.Bxa1 Bg7 18.Bf1 c5 19.Nb5 Qc6 20.Nb3 Ne5 21.Be2 Nfg4 22.Qd2 Nd3+ 23.Bxd3 exd3
24.O-O Bxa1 25.Rxa1 Ne5 26.Qd1 Nf3+ 27.Kf1 Nd4 28.Kg1 Ne2+  0-1

[Event "Dortmund"]
[Site "Dortmund"]
[Date "1976.??.??"]
[Round "9"]
[White "Tomic, Dragoslav"]
[Black "Nicolai, Werner"]
[Result "1/2-1/2"]
[WhiteElo "2360"]
[BlackElo "2200"]

1.e4 e5 2.Nf3 Nc6 3.Bc4 Nf6 4.Nc3 Nxe4 5.Bxf7+ Kxf7 6.Nxe4 d5 7.Nc3 Be7 8.d4 exd4
9.Nxd4 Nxd4 10.Qxd4 c6 11.Qd3 Qd7 12.Bd2 Qf5 13.Qxf5+ Bxf5 14.O-O-O Rhe8
15.Rde1 Bc5 16.f3 Rxe1+ 17.Rxe1 Bd6 18.g3 Re8 19.Rxe8 Kxe8  1/2-1/2

[Event "Dortmund"]
[Site "Dortmund"]
[Date "1976.??.??"]
[Round "10"]
[White "Nicolai, Werner"]
[Black "Faase, Rob"]
[Result "1-0"]
[WhiteElo "2200"]
[BlackElo "2200"]

1.Nf3 Nc6 2.d4 d5 3.Bf4 Bf5 4.e3 e6 5.Bd3 Nge7 6.c3 f6 7.Bxf5 Nxf5 8.h4 h5
9.Qc2 Bd6 10.Bxd6 Qxd6 11.Nbd2 Nce7 12.e4 dxe4 13.Nxe4 Qc6 14.O-O-O a5 15.Rhe1 b6
16.Ned2 Kf7 17.Re2 Nd5 18.g3 a4 19.a3 b5 20.Rde1 Rhe8 21.Ne4 Nb6 22.Neg5+ fxg5
23.Ne5+  1-0

[Event "Dortmund"]
[Site "Dortmund"]
[Date "1976.??.??"]
[Round "10"]
[White "Sydor, Andrzej"]
[Black "Tomic, Dragoslav"]
[Result "1/2-1/2"]
[WhiteElo "2425"]
[BlackElo "2360"]

1.d4 d6 2.c4 e5 3.dxe5 dxe5 4.Qxd8+ Kxd8 5.Nc3 c6 6.Nf3 f6 7.Be3 Be6 8.O-O-O+ Kc7
9.Nd2 Nh6 10.f3 Nd7 11.g4 Nf7 12.h3 Nb6 13.b3 a5 14.Kc2 Bb4 15.Nde4 Rad8
16.Bg2 Rxd1 17.Rxd1 Nd7 18.Nd5+ cxd5 19.cxd5 Nd8 20.dxe6 Nxe6 21.Nc3 Bxc3
22.Kxc3 Nf4 23.Bf1 h5 24.Kd2 hxg4 25.hxg4 Nb8 26.Rc1+ Nc6 27.Bxf4 exf4 28.e3 Rh2+
29.Be2 Kd6 30.Rc4 fxe3+ 31.Kxe3 g5 32.a3 Rh1 33.Bd3 Re1+ 34.Kd2 Ra1 35.Kc3 Ra2
36.Be4 Rf2 37.Bxc6 bxc6 38.Rd4+ Ke5 39.Re4+ Kd5  1/2-1/2

[Event "Dortmund"]
[Site "Dortmund"]
[Date "1976.??.??"]
[Round "10"]
[White "Flesch, Janos"]
[Black "Romanishin, Oleg M"]
[Result "1/2-1/2"]
[WhiteElo "2390"]
[BlackElo "2560"]

1.d4 Nf6 2.c4 e6 3.Nf3 b6 4.g3 Bb4+ 5.Bd2 a5 6.Nc3 Bb7 7.Bg2 Bxc3 8.Bxc3 Ne4
9.Qc2 Nxc3 10.Qxc3 O-O 11.O-O d6 12.Rad1 Nd7 13.Ne1 Bxg2 14.Kxg2 Re8 15.e4 e5  1/2-1/2

[Event "Dortmund"]
[Site "Dortmund"]
[Date "1976.??.??"]
[Round "10"]
[White "Iskov, Gert"]
[Black "Ciric, Dragoljub M"]
[Result "1/2-1/2"]
[WhiteElo "2415"]
[BlackElo "2435"]

1.e4 c5 2.Nf3 e6 3.Nc3 a6 4.g3 b5 5.Bg2 Bb7 6.d3 d6 7.O-O Nf6 8.e5 dxe5 9.Nxe5 Bxg2
10.Kxg2 Nbd7 11.Nxd7 Qxd7 12.Qf3  1/2-1/2

[Event "Dortmund"]
[Site "Dortmund"]
[Date "1976.??.??"]
[Round "11"]
[White "Romanishin, Oleg M"]
[Black "Balinas, Rosendo Carrean"]
[Result "1-0"]
[WhiteElo "2560"]
[BlackElo "2365"]

1.d4 Nf6 2.c4 e6 3.Nc3 Bb4 4.g3 O-O 5.Bg2 Re8 6.Nf3 d6 7.Qb3 Nc6 8.O-O Ba5
9.Rd1 Qe7 10.Be3 Bb6 11.Na4 e5 12.c5 dxc5 13.dxc5 Ba5 14.a3 Qe6 15.Qc2 Qf5
16.Qxf5 Bxf5 17.Rdc1 e4 18.Nh4 Bd7 19.b4 Nd5 20.Rd1 Be6 21.Rxd5 Bxd5 22.Nc3 Rad8
23.bxa5 Nxa5 24.Nf5 Nc4 25.Bf4 Rd7 26.Nb5 g6 27.Ne3 Nxe3 28.Bxe3 a6 29.Nc3 Bc6
30.g4 f6 31.h4 Re5 32.Rd1 Rxd1+ 33.Nxd1 b5 34.Bd4 Rd5 35.e3 Rd8 36.Nc3 f5
37.gxf5 gxf5 38.Bh3 Rf8 39.Ne2 Rf7 40.Nf4 a5 41.Bc3 a4 42.Kf1 Bd7 43.Ke1 c6
44.Kd2 Kf8 45.Be5 Ke7 46.Bf1 Kd8 47.h5 h6 48.Kc3 Kc8 49.Be2 Be8 50.Bd1 Kb7
51.Bc2 Re7 52.Bf6 Rf7 53.Bd4 Rf8 54.Ne6 Rg8 55.Ng7 Bd7 56.Bb1 Rf8 57.Be5 Ka6
58.Ba2 Ka7 59.Bd6 Rd8 60.Kd4 Ka6 61.Ke5 Rc8 62.Nxf5 Bxf5 63.Kxf5 b4 64.Be6 Ra8
65.Bc4+ Kb7 66.axb4 a3 67.Ba2 Ra4 68.Be5 Rxb4 69.Bd4  1-0

[Event "Dortmund"]
[Site "Dortmund"]
[Date "1976.??.??"]
[Round "11"]
[White "Tomic, Dragoslav"]
[Black "Miles, Anthony J"]
[Result "0-1"]
[WhiteElo "2360"]
[BlackElo "2510"]

1.e4 c5 2.Nf3 e6 3.d4 cxd4 4.Nxd4 a6 5.Bd3 Ne7 6.O-O Nec6 7.c3 Be7 8.Na3 O-O
9.Be3 d6 10.f4 Nd7 11.Qf3 Nxd4 12.cxd4 e5 13.Bc4 Bf6 14.fxe5 dxe5 15.d5 Bg5
16.Rad1 Bxe3+ 17.Qxe3 Nf6 18.Be2 b5 19.Nb1 Qd6 20.Nd2 Bd7 21.Rc1 Rfc8 22.h3 Qb4
23.b3 Qd6 24.Rfd1 h6 25.Bf3 Qa3 26.Rc3 Qxa2 27.Rdc1 Rxc3 28.Rxc3 Qa3 29.Rc5 Qb4
30.Kh2 a5 31.Be2 Rc8 32.Rxc8+ Bxc8 33.Qb6 Qxd2 34.Qd8+ Kh7 35.Qxc8 Qf4+ 36.Kh1 Nxe4
37.Bd3 f5 38.Bxe4 fxe4 39.d6 e3 40.Qc2+ e4 41.d7 e2 42.Qxe2 Qc1+ 43.Kh2 Qc7+
44.g3 Qxd7 45.Qxe4+ g6 46.h4 h5 47.Qe2 Qa7 48.Qa2 Kg7 49.Qb2+ Kf8 50.Qa2 Qb6
51.Qb2 Ke7 52.Qh8 Kf7 53.Qh7+ Kf6 54.Qh8+ Kf5 55.Qf8+ Ke4 56.Qf1 b4 57.Qc4+ Ke3
58.Qc2 Qd6 59.Kh1 Qd5+ 60.Kg1 Qd4 61.Qxg6 Kf3+  0-1

[Event "Dortmund"]
[Site "Dortmund"]
[Date "1976.??.??"]
[Round "11"]
[White "Faase, Rob"]
[Black "Sydor, Andrzej"]
[Result "0-1"]
[WhiteElo "2200"]
[BlackElo "2425"]

1.e4 e5 2.Nf3 Nc6 3.Bb5 f5 4.Nc3 Nd4 5.exf5 Nf6 6.O-O Bc5 7.Nxe5 O-O 8.d3 d5
9.Ba4 Bxf5 10.Bf4 c6 11.Ne2 Nh5 12.Be3 Nxe2+ 13.Qxe2 Bd6 14.Qxh5 Bxe5 15.d4 Bc7
16.Bb3 Bg6 17.Qh3 Bf5 18.Qh5 Bg6 19.Qh3 Bf5 20.g4 Bg6 21.f4 Be4 22.f5 Qe7
23.Rae1 b5 24.Bf4 Bxf4 25.Rxf4 Kh8 26.Qg3 Rae8 27.c3 Qc7 28.Rf3 Qb6 29.Rfe3 Rd8
30.Qh4 c5 31.Rh3 h6 32.dxc5 Qxc5+ 33.Qf2 Qe7 34.Qd4 Qg5 35.Rg3 a5 36.a3 Rde8
37.Qe3 Qd8 38.Qd4 Qg5 39.Qe3 Qd8 40.Qf4 Qb6+ 41.Qf2 Qxf2+ 42.Kxf2 g6 43.Rge3 Rd8
44.Rh3 Kh7 45.Ke3 gxf5 46.g5 f4+ 47.Kd4 f3 48.Rxh6+ Kg7 49.Rf1 b4 50.cxb4 axb4
51.a4 Rf4 52.Rf6 Rg4 53.Kc5 Rxg5 54.Rf4 Rg2 55.Bd1 Rc8+ 56.Kb6 Rc1 57.Be2 Rxf1
58.Bxf1 Rxb2 59.a5 b3 60.a6 Ra2 61.Rg4+ Kf6 62.Bb5 b2 63.Rg1 b1=Q 64.Rxb1 Bxb1
65.a7 d4  0-1

[Event "Dortmund"]
[Site "Dortmund"]
[Date "1976.??.??"]
[Round "11"]
[White "Ciric, Dragoljub M"]
[Black "Flesch, Janos"]
[Result "1/2-1/2"]
[WhiteElo "2435"]
[BlackElo "2390"]

1.e4 c6 2.d4 d5 3.Nc3 dxe4 4.Nxe4 Nd7 5.Nf3 Ngf6 6.Nxf6+ Nxf6 7.Ne5 Be6 8.Be2 g6
9.O-O Bg7 10.c3 O-O 11.Bf3 Bd5 12.Bxd5 Qxd5 13.Qb3  1/2-1/2

[Event "Dortmund"]
[Site "Dortmund"]
[Date "1976.??.??"]
[Round "11"]
[White "Krause, M."]
[Black "Iskov, Gert"]
[Result "0-1"]
[WhiteElo "2200"]
[BlackElo "2415"]

1.c4 e5 2.Nc3 d6 3.g3 g6 4.Bg2 Bg7 5.d3 Nf6 6.Nf3 O-O 7.Bg5 h6 8.Bd2 Nc6
9.O-O Nh5 10.Qc1 Kh7 11.Nd5 a5 12.e4 f5 13.Bc3 fxe4 14.dxe4 Bg4 15.Qe3 Qd7
16.Rad1 Rf7 17.Rd3 Raf8 18.Nh4 Nd4 19.f3 Be6 20.Bxd4 exd4 21.Qd2 c6 22.Nb6 Qd8
23.Qxa5 Nf4 24.gxf4 Qxh4 25.b3 Rxf4 26.Qd2 Be5 27.Qf2 Qh5 28.h3 Bxh3 29.Bxh3 Qxh3
30.Qg2 Rg4 31.fxg4 Bh2+  0-1